=LDR 00000nam 2200000 4500 =001 INLIS000000000031873 =005 20130612133921 =008 ***********************************ind** =035 ##$$0010-061300000031873 =041 ##$$a ind =082 ##$$a 372.3 =090 ##$$a 372.3, Pur, e =100 ##$$a PURWANTO =245 ##$$a Ensiklopedi Fisika 3 , Bumi dan Fenomena Alam , Purwanto, Ready Susanto, M. Insan Kamil =260 ##$$a 2008 $b Bandung =300 ##$$a 65 hlm. , Illus , 28 cm =650 ##$$a PENDIDIKAN DASAR-FISIKA =850 ##$$a NBPNMAT